000 00425nam a2200181Ia 4500
003 0STCL
008 150530s9999 xx 000 0 und d
040 _aSTCL
_cSTCL
100 _aShingan, M.L.
245 _aEconomics of development and planning
250 _aTwenty two
260 _bKonark; Delhi
_c1989
_aDelhi
300 _a909
546 _aEnglish
942 _2ddc
_cBK
999 _c11923
_d11923
005 20220125165615.0